[Event "Doeberl Cup Premier 51st"]
[Site "Canberra"]
[Date "2013.03.28"]
[Round "1"]
[White "Ly, Moulthun"]
[Black "Chernih, Nick"]
[Result "1-0"]
[WhiteElo "2428"]
[BlackElo "2080"]
[PlyCount "51"]
[EventDate "2013.03.28"]
[EventType "swiss"]
[EventRounds "9"]
[EventCountry "AUS"]
[SourceTitle "CBM 153 Extra"]
[Source "ChessBase"]
[SourceDate "2013.04.22"]
[SourceVersion "1"]
[SourceVersionDate "2013.04.22"]
[SourceQuality "1"]

1. e4 c6 2. d4 d5 3. e5 c5 4. dxc5 Nc6 5. Bb5 e6 6. Be3 Qa5+ 7. Nc3 Nh6 8. Bxh6 gxh6 9. a3 Qc7 10. Qd4 Rg8 11. Nge2 Bd7 12. Bxc6 Qxc6 13. b4 a5 14. 0-0 Qa6 15. Rad1 Be7 16. Nf4 Rc8 17. Rfe1 b6 18. Ne4 bxc5 19. Nxc5 Bxc5 20. bxc5 Qc4 21. Nh5 Ke7 22. Nf6 Rgd8 23. Qe3 Qxc2 24. Rc1 Qg6 25. c6 Bxc6 26. Qc5+ 1-0

[Event "Doeberl Cup 46th"]
[Site "Canberra"]
[Date "2008.03.21"]
[Round "3"]
[White "Chernih, Nick"]
[Black "Berezina, Irina"]
[Result "1/2-1/2"]
[WhiteElo "2037"]
[BlackElo "2246"]
[PlyCount "57"]
[EventDate "2008.03.20"]
[EventType "swiss"]
[EventRounds "9"]
[EventCountry "AUS"]
[SourceTitle "CBM 123 Extra"]
[Source "ChessBase"]
[SourceDate "2008.05.06"]
[SourceVersion "1"]
[SourceVersionDate "2008.05.06"]
[SourceQuality "1"]

1. e4 c5 2. Nf3 d6 3. d4 cxd4 4. Nxd4 Nf6 5. Nc3 Nc6 6. Bg5 Bd7 7. Qd2 Nxd4 8. Qxd4 Qa5 9. Bxf6 gxf6 10. Qd5 Qxd5 11. Nxd5 Rc8 12. Bd3 h5 13. f3 Rh6 14. Kf2 e6 15. Ne3 Be7 16. Rhe1 Bd8 17. Kf1 Ke7 18. Rad1 Bb6 19. Nc4 Bc5 20. Re2 a6 21. Nd2 Rhh8 22. Rc1 Ba7 23. Ree1 Rhg8 24. Re2 Rg5 25. c3 h4 26. Nb3 Rcg8 27. Nd4 Rc8 28. Nb3 Rcg8 29. Nd4 1/2-1/2

[Event "Doeberl Cup 46th"]
[Site "Canberra"]
[Date "2008.03.21"]
[Round "4"]
[White "Kresovic, Velimir"]
[Black "Chernih, Nick"]
[Result "1-0"]
[WhiteElo "2245"]
[BlackElo "2037"]
[PlyCount "89"]
[EventDate "2008.03.20"]
[EventType "swiss"]
[EventRounds "9"]
[EventCountry "AUS"]
[SourceTitle "CBM 123 Extra"]
[Source "ChessBase"]
[SourceDate "2008.05.06"]
[SourceVersion "1"]
[SourceVersionDate "2008.05.06"]
[SourceQuality "1"]

1. e4 c5 2. Nf3 Nc6 3. d4 cxd4 4. Nxd4 Nf6 5. Nc3 e5 6. Ndb5 d6 7. Bg5 a6 8. Na3 b5 9. Bxf6 gxf6 10. Nd5 f5 11. exf5 Bxf5 12. c3 Bg7 13. Nc2 0-0 14. Nce3 Be6 15. Bd3 f5 16. Qh5 e4 17. Bc2 Ne7 18. Rd1 Ra7 19. 0-0 Ng6 20. f4 Qh4 21. Qe2 Kh8 22. Rd2 Rg8 23. g3 Qh6 24. Qf2 Rf7 25. Kh1 Bf8 26. Nb4 Rd7 27. Bb3 Ne7 28. Nxa6 Bxb3 29. axb3 Qe6 30. Rfd1 Nc6 31. Nc5 dxc5 32. Rxd7 Qxb3 33. Qe2 Qe6 34. Qxb5 Qh6 35. Nxf5 Qh5 36. Qxc6 Qxf5 37. Qd5 Qg6 38. Re1 Qg4 39. Qd1 Qh3 40. Rd8 Rxg3 41. Rg1 Rxg1+ 42. Qxg1 Qf3+ 43. Qg2 Qxf4 44. Rd1 Bh6 45. Rg1 1-0

[Event "Oceania zt"]
[Site "Fiji"]
[Date "2007.05.12"]
[Round "8"]
[White "Chernih, Nick"]
[Black "Lukey, Stephen G"]
[Result "0-1"]
[WhiteElo "2052"]
[BlackElo "2290"]
[PlyCount "52"]
[EventDate "2007.05.06"]
[EventType "swiss"]
[EventRounds "9"]
[EventCountry "FIJ"]
[SourceTitle "EXT 2010"]
[Source "ChessBase"]
[SourceDate "2010.11.25"]
[SourceVersion "1"]
[SourceVersionDate "2010.11.25"]
[SourceQuality "1"]

1. e4 e6 2. d4 d5 3. Nc3 Bb4 4. e5 c5 5. Bd2 Ne7 6. Nb5 Bxd2+ 7. Qxd2 0-0 8. f4 cxd4 9. Nf3 Nbc6 10. Bd3 f6 11. 0-0 fxe5 12. fxe5 Rxf3 13. Rxf3 Nxe5 14. Rh3 Nxd3 15. Qxd3 Ng6 16. Qf3 e5 17. Rxh7 Kxh7 18. Qh5+ Kg8 19. Qxg6 Bd7 20. Rf1 Qe8 21. Qxe8+ Rxe8 22. Nc7 Rc8 23. Nxd5 Rxc2 24. Ne7+ Kh7 25. Re1 d3 26. Rxe5 Bg4 0-1

[Event "Sydney Surrey Hills op"]
[Site "Surrey Hills"]
[Date "2006.04.23"]
[Round "8"]
[White "Bleicher, Horst"]
[Black "Chernih, Nick"]
[Result "0-1"]
[WhiteElo "1920"]
[BlackElo "1724"]
[PlyCount "66"]
[EventDate "2006.02.19"]
[EventType "swiss"]
[EventRounds "9"]
[EventCountry "AUS"]
[SourceTitle "EXT 2008"]
[Source "ChessBase"]
[SourceDate "2007.11.25"]
[SourceVersion "1"]
[SourceVersionDate "2007.11.25"]
[SourceQuality "1"]

1. d4 Nf6 2. c4 g6 3. Nc3 d5 4. cxd5 Nxd5 5. e4 Nxc3 6. bxc3 Bg7 7. Bc4 c5 8. Ne2 0-0 9. 0-0 Nc6 10. Be3 Bg4 11. f3 Na5 12. Qa4 Bd7 13. Bb5 Nc6 14. Bxc6 Bxc6 15. Qc2 e6 16. dxc5 Qa5 17. a4 Rfd8 18. Bd4 Rd7 19. e5 Bf8 20. Rfd1 Bxc5 21. Nc1 Bf8 22. Nb3 Qc7 23. Qb2 Bd5 24. Nd2 Bc5 25. f4 Rc8 26. Rac1 Qc6 27. c4 Bxd4+ 28. Qxd4 Bf3 29. Qxd7 Qxd7 30. Nxf3 Qxa4 31. Rd4 b5 32. c5 Qa3 33. Rdd1 Rxc5 0-1

[Event "Doeberl Cup 44th"]
[Site "Canberra"]
[Date "2006.04.16"]
[Round "5"]
[White "Oliver, Gareth"]
[Black "Chernih, Nick"]
[Result "1-0"]
[WhiteElo "2120"]
[BlackElo "1774"]
[PlyCount "71"]
[EventDate "2006.04.14"]
[EventType "swiss"]
[EventRounds "7"]
[EventCountry "AUS"]
[SourceTitle "CBM 111 Extra"]
[Source "ChessBase"]
[SourceDate "2006.05.09"]
[SourceVersion "1"]
[SourceVersionDate "2006.05.09"]
[SourceQuality "1"]

1. d4 Nf6 2. c4 g6 3. Nc3 d5 4. cxd5 Nxd5 5. Bd2 Nb6 6. Nf3 Bg7 7. e4 Bg4 8. Be3 Nc6 9. d5 Ne5 10. Be2 Bxf3 11. gxf3 0-0 12. Qb3 Qc8 13. h3 c5 14. a4 f5 15. f4 c4 16. Qb4 Nd3+ 17. Bxd3 cxd3 18. e5 Qc4 19. Qxc4 Nxc4 20. b3 Na5 21. Rb1 Rfd8 22. Kd2 b6 23. Kxd3 Rac8 24. Rhd1 Nc6 25. b4 g5 26. Kc2 gxf4 27. dxc6 Rxd1 28. Rxd1 fxe3 29. b5 exf2 30. e6 Bd4 31. Nd5 Bc5 32. Kd3 f4 33. Ke2 Rf8 34. Rc1 Rd8 35. c7 Rc8 36. Rxc5 1-0

[Event "Doeberl Cup 44th"]
[Site "Canberra"]
[Date "2006.04.15"]
[Round "4"]
[White "Chernih, Nick"]
[Black "Bourmistrov, Denis"]
[Result "1/2-1/2"]
[WhiteElo "1774"]
[BlackElo "2035"]
[PlyCount "87"]
[EventDate "2006.04.14"]
[EventType "swiss"]
[EventRounds "7"]
[EventCountry "AUS"]
[SourceTitle "CBM 111 Extra"]
[Source "ChessBase"]
[SourceDate "2006.05.09"]
[SourceVersion "1"]
[SourceVersionDate "2006.05.09"]
[SourceQuality "1"]

1. e4 g6 2. d4 d6 3. Nc3 Bg7 4. Bc4 Nf6 5. Nf3 0-0 6. 0-0 c6 7. h3 b5 8. Bd3 Qc7 9. Bf4 Nh5 10. Bh2 e5 11. Ne2 Nd7 12. c3 a6 13. Bc2 Re8 14. Qd2 Bb7 15. Rfd1 Rad8 16. a4 Nb6 17. b3 exd4 18. cxd4 Nc8 19. Rac1 Qe7 20. Nf4 Nf6 21. Re1 c5 22. d5 h6 23. Re3 b4 24. Rce1 Nd7 25. Qd1 a5 26. Nd3 Ncb6 27. e5 dxe5 28. Nfxe5 Nxe5 29. Bxe5 Bxe5 30. Rxe5 Qf8 31. Rxe8 Rxe8 32. Rxe8 Qxe8 33. Nxc5 Bxd5 34. Qd4 Qc6 35. Be4 Bxe4 36. Nxe4 Nd7 37. Qxd7 Qxe4 38. Qd8+ Kh7 39. Qxa5 Qb1+ 40. Kh2 Qxb3 41. Qc7 Qe6 42. Qb7 b3 43. a5 Qe5+ 44. g3 1/2-1/2

[Event "Queenstown op"]
[Site "Queenstown"]
[Date "2006.01.21"]
[Round "7"]
[White "Ikeda, Junta"]
[Black "Chernih, Nick"]
[Result "1-0"]
[WhiteElo "2101"]
[BlackElo "1724"]
[PlyCount "109"]
[EventDate "2006.01.15"]
[EventType "swiss"]
[EventRounds "10"]
[EventCountry "NZL"]
[SourceTitle "CBM 110 Extra"]
[Source "ChessBase"]
[SourceDate "2006.03.10"]
[SourceVersion "2"]
[SourceVersionDate "2006.03.10"]
[SourceQuality "1"]

1. d4 Nf6 2. Nf3 d5 3. c4 e6 4. Nc3 Be7 5. Bf4 c6 6. e3 0-0 7. cxd5 exd5 8. Ne5 Qb6 9. Qd2 Bf5 10. Be2 Re8 11. f3 Nh5 12. Bg3 Nd7 13. Nxd7 Bxd7 14. Be5 f6 15. Bg3 f5 16. Be5 Nf6 17. h3 Nh5 18. 0-0-0 f4 19. exf4 Ng3 20. Rhe1 Bh4 21. Bd3 Nf5 22. g4 Bxe1 23. Qxe1 Nh6 24. f5 Qd8 25. Qg3 Qe7 26. f4 Rf8 27. Qf3 Rac8 28. Rg1 Qh4 29. Kb1 Rf7 30. a3 a5 31. Na4 Re8 32. Nb6 Bc8 33. Qe3 Qe7 34. Qg3 c5 35. Nxd5 Qd8 36. Nc3 cxd4 37. Ne4 Rff8 38. Nd6 Re7 39. f6 gxf6 40. g5 Rg7 41. Bc4+ Nf7 42. Nxf7 Rfxf7 43. Bxf7+ Kxf7 44. Bxf6 Qxf6 45. gxf6 Rxg3 46. Rxg3 Kxf6 47. Kc2 Bf5+ 48. Kd2 Be4 49. Rg5 Bf5 50. h4 b5 51. h5 b4 52. Rg8 b3 53. Ra8 Be4 54. Rxa5 Ke6 55. Re5+ 1-0

[Event "Queenstown op"]
[Site "Queenstown"]
[Date "2006.01.16"]
[Round "1"]
[White "Chernih, Nick"]
[Black "Berezina, Irina"]
[Result "0-1"]
[WhiteElo "1724"]
[BlackElo "2285"]
[PlyCount "90"]
[EventDate "2006.01.15"]
[EventType "swiss"]
[EventRounds "10"]
[EventCountry "NZL"]
[SourceTitle "CBM 110 Extra"]
[Source "ChessBase"]
[SourceDate "2006.03.10"]
[SourceVersion "2"]
[SourceVersionDate "2006.03.10"]
[SourceQuality "1"]

1. e4 c6 2. d4 g6 3. c3 Bg7 4. Be2 d6 5. Nf3 Nd7 6. 0-0 Qc7 7. Bf4 e5 8. Bg3 Ngf6 9. Nfd2 0-0 10. Bf3 b6 11. Re1 Bb7 12. Na3 Rad8 13. Nc2 Rfe8 14. Rc1 Nf8 15. h3 Ne6 16. b4 Ng5 17. Bh4 h6 18. Bxg5 hxg5 19. a3 d5 20. Re3 dxe4 21. Bxe4 exd4 22. cxd4 Qd7 23. Qf3 Nd5 24. Bxd5 cxd5 25. Rce1 Rxe3 26. Qxe3 Rc8 27. Na1 Bf6 28. Nab3 Kg7 29. g3 Qxh3 30. Qf3 Qd7 31. Nf1 Ba6 32. Nh2 Qf5 33. Re3 Bc4 34. Qxf5 gxf5 35. Nf3 Bb5 36. Ne5 Rc2 37. Kg2 g4 38. Nd3 Bg5 39. Nf4 Bc4 40. Nh5+ Kh6 41. Nf4 Bf6 42. b5 Rb2 43. Nc1 Bxd4 44. Re1 Rxf2+ 45. Kh1 Bxb5 0-1

[Event "Stratagem Masters-B U20"]
[Site "Australia"]
[Date "2006.??.??"]
[Round "2"]
[White "Chernih, Nick"]
[Black "Hoving, Eliot"]
[Result "1-0"]
[WhiteElo "1770"]
[BlackElo "1770"]
[PlyCount "111"]
[EventDate "2006.??.??"]
[EventType "tourn"]
[EventRounds "9"]
[EventCountry "AUS"]
[SourceTitle "EXT 2008"]
[Source "ChessBase"]
[SourceDate "2007.11.25"]
[SourceVersion "1"]
[SourceVersionDate "2007.11.25"]
[SourceQuality "1"]

1. e4 c6 2. d4 d5 3. e5 Bf5 4. Be3 Qb6 5. Qc1 e6 6. c4 Bxb1 7. Qxb1 Bb4+ 8. Kd1 c5 9. Qd3 Nc6 10. cxd5 exd5 11. Nf3 Nge7 12. Qb5 Nf5 13. Bd3 cxd4 14. Qxb6 axb6 15. Bf4 Nfe7 16. Ke2 0-0 17. a3 Ng6 18. Bxg6 fxg6 19. Bg3 Be7 20. Kd3 g5 21. Nxd4 Nxd4 22. Kxd4 Bc5+ 23. Kxd5 Rad8+ 24. Kc4 h5 25. f3 Rd2 26. b4 Be3 27. Rad1 Rc8+ 28. Kb5 Rxg2 29. Rhe1 Bf4 30. Bxf4 gxf4 31. Rg1 Re2 32. Rg5 Re8 33. Rd5 Re3 34. a4 Rxf3 35. Rd7 Re3 36. Rgxg7+ Kh8 37. Rh7+ Kg8 38. Rdg7+ Kf8 39. Rxb7 R3xe5+ 40. Kxb6 R8e6+ 41. Ka7 Re7 42. Rhxe7 Rxe7 43. Rxe7 Kxe7 44. b5 f3 45. b6 f2 46. b7 f1Q 47. b8Q Qf2+ 48. Ka6 Qf6+ 49. Qb6 Qf1+ 50. Ka7 Qe2 51. Qc7+ Ke8 52. a5 Qf2+ 53. Kb8 Qb2+ 54. Kc8 Qd4 55. h3 Qh4 56. Qd7+ 1-0